000 00446nam a2200169Ia 4500
008 230524s9999 xx 000 0 und d
020 _a9789382332534
082 _a670.42
_bSAW
100 _aG.S. Sawhney
_942948
245 0 _aManufacturing science Vol-I : Forming Casting Welding
250 _a1
260 _aNew Delhi
_bI.K.International
_c2015
300 _aX.450p;
500 _aQuantity Number: 1
650 _aMechanics
942 _cBK
999 _c57908
_d57908